• 首页
  • 本馆介绍
  • 公告通知
  • 最新文献
  • 馆藏检索
  • 电子资源
  • 读者导购
  • 参考咨询
  • 我的图书馆
  • 登录
  • 详细信息显示
  • 放入我的书架
  • 预约/预借图书
  • 作者相关作品
  • 分类相关作品
  • 丛书相关作品
  • 出版社相关作品

书目信息

  • 表格格式
  • 工作单格式
  • 卡片格式
题名:
2019版河南省教师招聘考试经典教材
    
 
作者: ;华图教师事业部教研中心 编著
分册:   美术学科专业知识
出版信息: 北京   中国社会科学出版社  2019.2
页数: 625页
开本: 28cm
丛书名:
单 册:
中图分类: G451.1 , G633.955.2
科图分类:
主题词: 教师--招聘--考核--教材 , 美术课--教学法--中小学
电子资源:
ISBN: 978-7-5203-3530-0
000 01069nam0 2200265 45
001 012001000959
005 20130910102521.0
010    @a978-7-5203-3530-0@dCNY56.00
100    @a20200102d2019 em y0chiy0110 ea
101 0  @achi
102    @aCN@b110000
105    @aa z 000yy
106    @ar
200 1  @a2019版河南省教师招聘考试经典教材@A2019 ban he nan sheng jiao shi zhao pin kao shi jing dian jiao cai@i美术学科专业知识@f华图教师事业部教研中心著
210    @a北京@c中国社会科学出版社@d2019.2
215    @a625页@c图@d28cm
300    @a华图教师
330    @a本书分七个模块,从美术考生必备的外国美术史、中国美术史、艺术概论、美术基础理论与技法常识、美术课程论、美术教学应用、美术绘图等知识讲起。帮助学生全面认识美术教师招聘的各种类型题目,全面呈现教师招聘考试内容。
606 0  @a教师@x招聘@x考核@j教材
606 0  @a美术课@x教学法@x中小学
690    @aG451.1@v5
690    @aG633.955.2@v5
711 02 @a华图教师事业部教研中心@Ahua tu jiao shi shi ye bu jiao yan zhong xin@4编著
801    @aCN@b江苏凤凰@c20211018
905    @b1341668-71@dG451.1@e502@f4
    
    2019版河南省教师招聘考试经典教材.美术学科专业知识/华图教师事业部教研中心著.-北京:中国社会科学出版社,2019.2
    625页:图;28cm
    华图教师
    
    ISBN 978-7-5203-3530-0:CNY56.00
    本书分七个模块,从美术考生必备的外国美术史、中国美术史、艺术概论、美术基础理论与技法常识、美术课程论、美术教学应用、美术绘图等知识讲起。帮助学生全面认识美术教师招聘的各种类型题目,全面呈现教师招聘考试内容。
●
相关链接 在E读中查询图书 在五车中查询图书 在当当中查询图书 在豆瓣中查询图书


正题名:2019版河南省教师招聘考试经典教材     索取号:G451.1/502         预约/预借

序号 登录号 条形码 馆藏地/架位号 状态 备注
1 1341668   213416686   第一样本阅览室/ [索取号:G451.1/502] 在馆    
2 1341669   213416695   第四借阅区/ [索取号:G451.1/502] 在馆    
3 1341670   213416702   第四借阅区/ [索取号:G451.1/502] 在馆    
4 1341671   213416711   第四借阅区/ [索取号:G451.1/502] 在馆    
唐山师范学院图书馆 欢迎您!
大连网信软件有限公司© 版权所有